02341nam a2200349 a 4500001001200000003000800012006001900020007001500039008004100054010001700095020003900112040002100151035002100172050002400193082001700217245012100234260006100355300001500416490004300431504005100474505096900525533015201494650004101646650001301687650002601700655002901726700002301755710001701778830005101795856012601846999001901972ebr10297284CaPaEBRm u cr cn|||||||||061020s2007 lau sb s001 0 eng  z 2006035129 z9780807132418 (cloth : alk. paper) aCaPaEBRcCaPaEBR a(OCoLC)65031157714aJZ1305b.R45 2007eb04a327.1/0122204aThe realist tradition and contemporary international relationsh[electronic resource] /cedited by W. David Clinton. aBaton Rouge :bLouisiana State University Press,cc2007. aix, 260 p.1 aPolitical traditions in foreign policy aIncludes bibliographical references and index.0 aReinhold Niebuhr : a personal reflection and political evaluation / Kenneth W. Thompson -- Thucydides on peace / Steven Forde -- What's "realistic"? : a framework for an Augustinian analysis of contemporary approaches to international relations / William R. Stevenson, Jr. -- International law from a Machiavellian perspective / Anthony D'Amato -- Mathematici versus dogmatici : understanding the realist project through Hobbes / Laurie M. Johnson Bagby -- "Every man supposed a knave" : David Hume's political realism / Daniel G. Lang -- Edmund Burke's theory of international order : the debate between realism and rationalism / Jennifer M. Welsh -- The relevance of E.H. Carr's realism in the post Cold War world / Whittle Johnston -- Reinhold Niebuhr's Christian realism/Christian idealism / Colm McKeogh -- Morgenthau's political realism and the ethics of evil / Greg Russell -- Conclusion: The relevance of realism in the post Cold War world / David Clinton. aElectronic reproduction.bPalo Alto, Calif. :cebrary,d2013.nAvailable via World Wide Web.nAccess may be limited to ebrary affiliated libraries. 0aInternational relationsxPhilosophy. 0aRealism. 0aWorld politicsy1989- 7aElectronic books.2local1 aClinton, W. David.2 aebrary, Inc. 0aPolitical traditions in foreign policy series.40uhttp://site.ebrary.com/lib/rucke/Doc?id=10297284zAn electronic book accessible through the World Wide Web; click to view c180942d180942